000 00539nam a22001697a 4500
005 20251108165452.0
008 250721s1986 xx 000 0 ara d
082 1 4 _aم/025.4/أحم
100 1 _aالسيد، أحمد البدوي أبو زيد
245 1 0 _aموجز الكشاف الهجائي النسبي :
_bنظام ديوي العشري /
264 1 _aالقاهره :
_bدار الفكر العربي،
_c1986.
300 _a216ص
650 1 7 _aالتصنيف
650 1 7 _aالكتب
942 _2ddc
_cREF
999 _c28653
_d28653